| 000 | 00513nam a2200145 a 4500 | ||
|---|---|---|---|
| 001 | 000043795 | ||
| 005 | 20201002044954.0 | ||
| 008 | 140501s2014 dr 000 0 spa d | ||
| 040 |
_aDO-SdBNP _bspa _cBNPHU |
||
| 100 | 1 |
_aCáceres, Domingo _971628 |
|
| 245 | 1 | 0 |
_aEstudio de las Verdades Bíblicas : _b(la paz / _cDomingo Cáceres. |
| 260 |
_aSanto Domingo, : _b[s.d.], _c2014. |
||
| 300 |
_a98 p. ; _c22 cm. |
||
| 500 | _aEspecial para estudiosos, predicadores, profetas, pastores y evangelistas de la palabra de Dios. | ||
| 999 |
_c43284 _d43284 |
||